Hivatalos személy elleni erőszak
Elmentve itt :
| Szerző: | |
|---|---|
| További közreműködők: | |
| Dokumentumtípus: | Szakdolgozat |
| Megjelent: |
2005-03-17
|
| Tárgyszavak: | |
| Online Access: | http://diploma.bibl.u-szeged.hu/28921 |
| LEADER | 00554nta a2200157 i 4500 | ||
|---|---|---|---|
| 001 | dipl28921 | ||
| 005 | 20130314085948.0 | ||
| 008 | 110718s2005 hu om 0|| zxx d | ||
| 040 | |a SZTE Diploma Repozitórium |b hun | ||
| 041 | |a zxx | ||
| 100 | 1 | |a Komáromi Árpád | |
| 245 | 1 | 0 | |a Hivatalos személy elleni erőszak |h [elektronikus dokumentum] / |c Árpád Komáromi |
| 260 | |c 2005-03-17 | ||
| 650 | 4 | |a Jogi és igazgatási tanulmányok | |
| 700 | 1 | |a Vida Mihály |e ths | |
| 856 | 4 | 0 | |u http://diploma.bibl.u-szeged.hu/id/eprint/28921/1/2005_komaromi_arpad.pdf |z Dokumentum-elérés |